| 000 | 00611nam a22002177a 4500 | ||
|---|---|---|---|
| 005 | 20140310183014.0 | ||
| 008 | 130212t xxu||||| |||| 00| 0 eng d | ||
| 020 | _a971915237D | ||
| 050 |
_aPN 5422 _b.V54 2005 |
||
| 100 | _aVilladolid, Alice Colet | ||
| 245 |
_aFeaturing... the Philippine press, 1637 to 2005 / _cAlice Colet Villadolid. |
||
| 260 |
_aPasig : _bColet-Villadolid Pub., _c2005. |
||
| 300 |
_avi, 122 p. : _c23 cm. _bill. ; |
||
| 521 | _aMC | ||
| 526 | _c1210L-1700L | ||
| 650 | _aPhilippine Press | ||
| 942 |
_2lcc _cBK _kLOC |
||
| 999 |
_c18282 _d18282 |
||